000 00383nam a2200169Ia 4500
005 20250423100248.0
008 250422s9999 xx 000 0 und d
020 _a0- 553- 13546- 5
050 _aPZ 7 .M674/
245 0 _aMore tales out of school
260 _aNew York
260 _bBantam Books
260 _c1980
300 _a142 p
650 _aLiterature
942 _cBK
999 _c32770
_d32770